| 000 | 00571nam a22001817a 4500 | ||
|---|---|---|---|
| 003 | CEME | ||
| 005 | 20210628205652.0 | ||
| 008 | 210312b xxu||||| |||| 00| 0 eng d | ||
| 020 | _a81-7635-196-2 | ||
| 040 | _c. | ||
| 082 | _a005.133-VC++ ROB | ||
| 100 |
_aRobison, Lyn _976550 |
||
| 245 | _aTeah yourself database programming with visual c plus plus 6.0 in 21 days | ||
| 260 |
_aNEW DELHI _bTECHMEDIA _c1999 |
||
| 300 | _a570P | ||
| 650 |
_aVISUAL C PLUS PLUS 6.0 DATABASE PROGRAMMING-VISUAL C PLUS PLUS VISUAL C PLUS PLUS 6.0 IN 21 DAYS _976551 |
||
| 942 |
_cBK _2ddc |
||
| 999 |
_c581926 _d581926 |
||